000 00741nam a22002177a 4500
005 20220516144903.0
008 220516b ||||| |||| 00| 0 eng d
040 _cAloy
041 _aeng
082 _223
_a370.11
_bRAJS
100 _aJ S Rajput
_937408
245 _aSymphony of human values in education
260 _aNew Delhi:
_bNational Council of Educational Research and Training,
_c2001.
300 _axii,167p.
_bHB
_c21x21cm.
365 _2Education
_b120.00
_c
_d120.00
520 _aCollected quotations and sayings of various eminent Indians and Government of India reports on education.
650 _aQuotations
_937402
650 _aCommissions and Reports
_937403
700 _aRAJPUT (J S)
_937404
942 _2ddc
_cGF
999 _c222951
_d222951